| Tag |
First Indicator |
Second Indicator |
Subfields |
| LEADER |
00000pam a22000004a 4500 |
| 001 |
in00002115421 |
| 005 |
20151103052443.0 |
| 008 |
050801s2006 ncua b s001 0 eng |
| 010 |
|
|
|a 2005022332
|
| 020 |
|
|
|a 0807829986 (cloth : alk. paper)
|
| 020 |
|
|
|a 0807856703 (pbk. : alk. paper)
|
| 024 |
3 |
|
|a 9780807829981
|
| 024 |
3 |
|
|a 9780807856703
|
| 035 |
|
|
|a (OCoLC)ocm61253862
|
| 040 |
|
|
|a DLC
|c DLC
|d YDX
|d BAKER
|d UtOrBLW
|
| 042 |
|
|
|a pcc
|
| 043 |
|
|
|a n-us---
|
| 049 |
|
|
|a TXAM
|
| 050 |
0 |
0 |
|a PS374.C48
|b N43 2006
|
| 082 |
0 |
0 |
|a 813/.085083822
|2 22
|
| 100 |
1 |
|
|a Neal, Lynn S.
|
| 245 |
1 |
0 |
|a Romancing God :
|b evangelical women and inspirational fiction /
|c Lynn S. Neal.
|
| 264 |
|
1 |
|a Chapel Hill :
|b University of North Carolina Press,
|c [2006]
|
| 264 |
|
4 |
|c ©2006
|
| 300 |
|
|
|a xii, 245 pages :
|b illustrations ;
|c 23 cm.
|
| 336 |
|
|
|a text
|b txt
|2 rdacontent
|
| 337 |
|
|
|a unmediated
|b n
|2 rdamedia
|
| 338 |
|
|
|a volume
|b nc
|2 rdacarrier
|
| 504 |
|
|
|a Includes bibliographical references (pages [219]-232) and index.
|
| 505 |
0 |
|
|a The history of evangelical romance -- The discipline of fun -- The evaluation of romance -- The ministry of romantic fiction -- The fashioning of faith -- The romance of God.
|
| 650 |
|
0 |
|a Christian fiction, American
|x History and criticism.
|
| 650 |
|
0 |
|a American fiction
|x Christian authors
|x History and criticism.
|
| 650 |
|
0 |
|a American fiction
|x Women authors
|x History and criticism.
|
| 650 |
|
0 |
|a Love stories, American
|x History and criticism.
|
| 650 |
|
0 |
|a Christianity and literature
|z United States.
|
| 650 |
|
0 |
|a Women and literature
|z United States.
|
| 650 |
|
0 |
|a Evangelicalism
|z United States.
|
| 650 |
|
0 |
|a Evangelicalism in literature.
|
| 856 |
4 |
1 |
|3 Table of contents
|u http://www.loc.gov/catdir/toc/ecip0517/2005022332.html
|t 0
|
| 945 |
|
|
|i PromptCat
|
| 947 |
|
|
|a A14832743712
|
| 948 |
|
|
|a cataloged
|b h
|c 2006/3/25
|d c
|e ceaton
|f 10:20:10 am
|
| 994 |
|
|
|a 92
|b TXA
|
| 999 |
|
|
|a MARS
|
| 999 |
f |
f |
|s 6fa2cf59-bbf7-3452-b0e2-cc809ad841bb
|i ac11183b-4d17-3d2c-8378-fe7719a54652
|t 0
|
| 952 |
f |
f |
|p ric
|a Texas A&M University
|b Rellis Campus
|c Joint Library Facility
|d Remote Storage
|t 0
|e PS374.C48 N43 2006
|h Library of Congress classification
|i unmediated -- volume
|m A14832743712
|
| 998 |
f |
f |
|a PS374.C48 N43 2006
|t 0
|l Remote Storage
|